History starting with X - Statistics

General Stats
  • This quiz has been taken 15 times
  • The average score is 12 of 25
Answer Stats
Hint Answer % Correct
19) After acquiring Twitter, Elon Musk renamed it to this X
100%
4) Persian king who defeated the Greeks atThermopylae in 480 BC Xerxes
100%
6) Usually considered the first Chinese dynasty in2060 BC Xia
100%
1) City where emperor Shi Huangwas buried with thousands of terracotta warriors Xian
100%
14) This means "heart and mind" in Chinese philosophy Xin
100%
21) This popular show explored unexplained, supernaturalphenomena with the team of Scully and Mulder X Files
85%
2) Emperor Kublai Khan had his empire here Xanadu
77%
10) The fear of foreigners or people from another land Xenophobia
77%
16) The alternate, often controversial way to say Christmas Xmas
77%
20) Wolverine is part of this superhero team X Men
77%
15) In 1895, physicist WC Rotogen discovered thisof radiation used in medical imaging X Ray
77%
5) This ancient Greek city has both Ottoman and Byzantinehistory in its architecture Xanthi
54%
3) Chinese megacity on the Strait of Taiwan Xiamen
54%
8) Greek historian and military leader who wrote aboutSocrates and the Persian wars Xenophon
31%
17) Pop star Christina Aguilera adopted this stage namebased on her real name Xtina
23%
18) The much younger wife of the great Socrates Xanthippe
15%
13) Another term for a wood engraving Xylograph
15%
7) Incident between US and French diplomats resultingin a undeclared quasi war in 1797-98 XYZ Affair
15%
9) Greek philosopher of Colophon was among the firstto use satire in poems Xenophanes
0%
12) The Confucian concept of respect for ones parentsand ancestors Xiao
0%
11) in Mayan culture, this is the underworld, translatedas "place of fright" Xibalba
0%
23) The Aztec god of spring and new vegetation, its namemeaning "flayed one" Xipe
0%
24) Ancient Mexican hilltop city founded around 650 bythe Olmec people Xochicalco
0%
22) She was a Toltec mistress of emperor Tecpancaltzin Iztaccaltzin Xochitl
0%
25) Confucian philosopher and the last of the Five GreatSages of Confucianism Xunzi
0%
No matching quizzes found
Score Distribution
Percent of People with Each Score
Percentile by Number Answered
Your Score History
You have not taken this quiz